Statistics for Watford Premier League Players

Click here to take the quiz!

General Stats

  • This quiz has been taken 24 times
  • The average score is 40 of 118

Answer Stats

The Hornets % Correct
Troy Deeney
100%
Andre Gray
88%
Ben Foster
88%
Odion Ighalo
82%
Abdoulaye Doucouré
76%
Will Hughes
76%
Étienne Capoue
76%
Heurelho Gomes
76%
Craig Cathcart
71%
Gerard Deulofeu
71%
Adrian Mariappa
71%
Tom Cleverley
65%
Isaac Success
65%
Kiko Femenía
65%
Roberto Pereyra
65%
José Holebas
65%
Daryl Janmaat
65%
Sebastian Prödl
65%
Marlon King
59%
Steve Kabba
59%
Adam Masina
59%
Christian Kabasele
59%
Ismaïla Sarr
59%
Nathaniel Chalobah
59%
Miguel Britos
59%
Tommy Smith
59%
Darius Henderson
53%
Danny Welbeck
53%
Theo Robinson
53%
Paul Robinson
53%
Ashley Young
53%
Alec Chamberlain
53%
Lloyd Doyley
47%
Craig Dawson
47%
Stefano Okaka
47%
Nathan Aké
41%
Malky Mackay
41%
Matěj Vydra
41%
Valon Behrami
41%
Almen Abdi
41%
Tommy Mooney
41%
Allan Nyom
41%
Jay DeMerit
41%
Richarlison
35%
Domingos Quina
35%
Adlène Guedioura
35%
Jerome Sinclair
35%
José Manuel Jurado
35%
Ben Watson
35%
Richard Johnson
35%
Micah Hyde
35%
Nick Wright
35%
Ken Sema
29%
Marvin Zeegelaar
29%
Richard Lee
29%
Juan Carlos Paredes
29%
Allan Smart
29%
Orestis Karnezis
29%
Younès Kaboul
29%
Heidar Helguson
29%
Nordin Amrabat
29%
Ikechi Anya
29%
Giedrius Arlauskis
29%
Juan Camilo Zúñiga
29%
Clarke Carlisle
24%
Obbi Oularé
24%
Mauro Zárate
24%
Gavin Mahon
24%
Hameur Bouazza
24%
Víctor Ibarbo
24%
Anthony McNamee
24%
Costel Pantilimon
24%
Matthew Spring
24%
Al Bangura
24%
Steve Palmer
24%
Damien Francis
24%
Jordan Stewart
24%
Steven Berghuis
18%
Rob Page
18%
Neil Cox
18%
M'Baye Niang
18%
Gareth Williams
18%
Mark Williams
18%
Brandon Mason
18%
James Chambers
12%
Peter Kennedy
12%
Danny Shittu
12%
Mario Suárez
12%
Will Hoskins
12%
Alessandro Diamanti
12%
Dominic Foley
12%
Miguel Layún
12%
Xavier Gravelaine
12%
Nigel Gibbs
12%
Michel Ngonge
12%
Gifton Noel-Williams
12%
Tamás Priskin
12%
Chris Powell
12%
Moses Ashikodi
6%
Kenedy
6%
Des Lyttle
6%
Johann Gudmundsson
6%
Douglas Rinaldi
6%
Nordin Wooter
6%
Lee Williamson
6%
Albert Jarrett
6%
Steve Brooker
6%
David Perpetuini
6%
Darren Ward
6%
Adrian Bakalli
6%
Johan Cavalli
6%
Chris Day
6%
Michael Folivi
6%
Alex Bonnot
6%
Clint Easton
6%
Cédric Avinel
6%
Charlie Miller
0%
James Panayi
0%

Score Distribution

Percentile by Number Answered

Percent of People with Each Score

Your Score History

You have not taken this quiz